LEADER 01086nam a2200265 i 4500 001 000000148425 003 CaOOAMICUS 005 20060306000000.0 008 060306s1979 it u000 u ita u 013 $a125740 040 $aSeMil$bita 100 1 $aFlaiano, Ennio,$d<1910-1972>.$0(OLS)http://semarc/name/7182 245 13$aUn bel giorno di libertà :$bcronache degli anni Quaranta /$cEnnio Flaiano ; scelta e cura di Emma Giammattei. 260 $aMilano :$bRizzoli,$c1979. 300 $a169 p. ;$c23 cm. 490 0 $aOpere di Ennio Flaiano 500 $aContiene : Appendice. - Fondo Ciprandi. 700 1 $aGiammattei, Emma.$0(OLS)http://semarc/name/37068 830 0$aOpere di Ennio Flaiano.$0(OLS)http://semarc/title/20517 850 $aSeMil 852 $aSeMil$W1$xVenegono$y1$m1G VI 86$j100808$B100808$CSeMilBibl$Z2$F109528 $81 941 1 $a1 961 $aOmaggio: Ciprandi dott. Paolo 996 $6245$aUn bel giorno di libertà :$bcronache degli anni Quaranta$9(OLS)http://semarc/title/216936 996 $6260$aMilano :$bRizzoli$9(OLS)http://semarc/publisher/29824 LEADER 00572nab a2200145 i 4500 001 000000261003 003 CaOOAMICUS 005 20050412000000.0 008 050412n xx uu u0 0und r 013 $a1884 040 $aSeMil$bita 245 10$aCélébration de l'Eucharistie :$bsuggestions et propositions. - Titolo principale dalla copertina. 500 $a17 avril 2005 (N° 2334). 773 0 $t[2005.$dParis : Bayard, 2005.$w()131075 996 $6245$aCélébration de l'Eucharistie :$bsuggestions et propositions. - Titolo principale dalla copertina.$9(OLS)http://semarc/title/355409